| 000 | 01022nam a2200229 i 4500 | ||
|---|---|---|---|
| 001 | 23550 | ||
| 003 | ES-MaACL | ||
| 005 | 20250831123108.0 | ||
| 007 | t| | ||
| 008 | 021211s1904 sp |||| | spa d | ||
| 100 | 1 |
_aBuylla y González Alegre, Adolfo A., _d1850-1927 _932991 |
|
| 245 | 1 | 0 |
_aMemoria acerca de la información agraria en ambas Castillas, encomendada a este centro por Real Orden de 25 de junio de 1904 / _credactada por Adolfo A. Buylla y G. Alegre. |
| 260 |
_aMadrid : _b[s.n.], _c1904 ( _fImpr. de la Sucesora de M. Minuesa de los Ríos) |
||
| 300 |
_a205 p. ; _c23 cm. |
||
| 500 | _aPrecede al tit.: Instituto de Reformas Sociales, Sección 3ª. | ||
| 530 | _aDisponible en formato digital. | ||
| 650 | 4 |
_aAgricultura- _zCastilla- _vHistoria. _9151814 |
|
| 710 | 2 |
_aInstituto de Reformas Sociales (España) _95000 |
|
| 852 |
_aES-MaACL _jT-1036-F-14 |
||
| 856 |
_uhttp://bibliotecadigital.jcyl.es/i18n/consulta/registro.cmd?id=6227 _zBiblioteca Digital de Castilla y León |
||
| 999 |
_c23550 _d23550 |
||